000 00226 a2200097 4500
001 52522
100 _aNiblett W R
245 _aEducation and the Modern Mind.
260 _aLondon
_bFaber and Faber
_c
090 _c33009
_d33009
942 _aNUST-CAE
_cM
_c25569
999 _c287595
_d287595